000 00584nam a22002057a 4500
005 20251108172915.0
008 250721s1998 xx 000 0 ara d
082 1 4 _aط/920/بدو
100 1 _aالبدوي، خليل
_ecomp.
245 1 0 _aتشيخوف اخر عمالقة الادب /
264 1 _aعمان :
_bار الاسراء،
_c1998.
300 _a16/ص
490 0 _aالناجحون
_v5
650 1 7 _aالتراجم
650 1 7 _aالرجال
650 1 7 _aالعلماء
653 _aناشاون صغار (10-14 سنه )
942 _2ddc
_cBK
999 _c91500
_d91500